Statistiques concernant Quiz sur le film Harry Potter et la Coupe de Feu

Cliquez ici pour prendre le quiz!

Statistiques générales

  • Ce quiz a été pris 61 fois
    (45 depuis la dernière actualisation)
  • Le résultat moyen est 9 sur 23

Statistiques - réponses

InformationRéponse% Correct
Actrice (HG)Emma Watson
92%
Acteur (HP)Daniel Radcliffe
89%
Acteur (RW)Rupert Grint
86%
Année de sortie2005
75%
Titre originalHarry Potter and the Goblet of Fire
61%
Acteur (V)Ralph Fiennes
58%
Acteur (CD)Robert Pattinson
58%
Acteur (SR)Alan Rickman
53%
Actrice (FD)Clémence Poésy
53%
Acteur (AD)Michael Gambon
47%
ScénaristeSteve Kloves ( D'après le livre de JK Rowling)
42%
DistributeurWarner Bros
39%
ProducteurDavid Heyman
31%
Acteur (AM)Brendan Gleeson
25%
RéalisateurMike Newell
25%
MusiquesPatrick Doyle
19%
Durée157 minutes
17%
Actrice (OM)Frances de la Tour
17%
Acteur (BCJ)David Tennant
14%
Budget150 000 000 $
11%
Acteur (VK)Stanislav Ianevski
8%
Entrée au box office (France)7 732 071 entrées
6%
Acteur (IK)Pedja Bjelac
6%

Distribution des résultats

Percentile par nombre de réponses

% des personnes avec chaque résultat

Votre développement - résultats

Vous n’avez pas pris ce quiz depuis la dernière actualisation